Disipar el mito del inmigrante

Bewaard in:
Bibliografische gegevens
Formaat: Texto
Onderwerpen:
Tags: Voeg label toe
Geen labels, Wees de eerste die dit record labelt!

MARC

LEADER 00000 a a2200000 04500
001 18693
003
040
245 |a Disipar el mito del inmigrante  
650 |a INMIGRANTES  
650 |a TRABAJADORES  
773 |g número 57; páginas 20-23  
999 |c 33085  |d 33085